Az ámot, az álmodott történetet... {Visul, intâmplarea visata...} [The dream, the story in the dream]
Elmentve itt :
| Szerző: | |
|---|---|
| Adatforrás: | Meister |
| Forrásdokumentuma: | Látó. - 2002. 5, 47-51. |
| Nyelv: | magyar |
| Kulcsszavak: | próza proza scurta short story |
| LEADER | 00441nab a2200145 i 4500 | ||
|---|---|---|---|
| 001 | bibPRO00010749 | ||
| 008 | 080908s2002 xx hun | ||
| 040 | |a Sz1 | ||
| 041 | |a hun | ||
| 100 | 1 | |a BALOGH László | |
| 245 | 1 | 3 | |a Az ámot, az álmodott történetet... {Visul, intâmplarea visata...} [The dream, the story in the dream] |c BALOGH László |
| 695 | |a próza | ||
| 695 | |a proza scurta | ||
| 695 | |a short story | ||
| 773 | 0 | |t Látó. - |g 2002. 5, 47-51. | |